[Event "Titled Tuesday intern op 11th Jul Late"]
[Site "Chess.com INT"]
[Date "2023.07.11"]
[Round "4"]
[White "Oliveira, Tiago Batista"]
[Black "Khairat, Ahmed"]
[Result "1-0"]
[WhiteElo "1971"]
[BlackElo "2211"]
[PlyCount "79"]
[EventDate "2023.07.11"]
[EventType "swiss (blitz)"]
[EventRounds "11"]
[EventCountry "USA"]
[SourceTitle "EXT 2024"]
[Source "ChessBase"]
[SourceDate "2023.10.10"]
[SourceVersion "1"]
[SourceVersionDate "2023.10.10"]
[SourceQuality "1"]

1. d4 e5 2. dxe5 f6 3. Nf3 Nc6 4. e4 Bb4+ 5. Bd2 Qe7 6. Bc4 Nxe5 7. Nxe5 fxe5 8. 0-0 Nf6 9. Nc3 d6 10. Bg5 c6 11. Qf3 Be6 12. Bxf6 gxf6 13. Qh5+ Kd7 14. Bb3 Rag8 15. Rad1 Rg5 16. Qh4 Rhg8 17. g3 h5 18. f3 Kc7 19. Ne2 f5 20. Bxe6 Qxe6 21. exf5 Qxf5 22. Qxb4 R8g6 23. Qa5+ Kd7 24. Qxa7 h4 25. Qxb7+ Kd8 26. Qxc6 hxg3 27. Rxd6+ Rxd6 28. Qxd6+ Ke8 29. hxg3 Qxc2 30. Rf2 Qxb2 31. Qe6+ Kf8 32. Qf6+ Ke8 33. Qxg5 Qb1+ 34. Kg2 Qxa2 35. Qxe5+ Kf7 36. Nf4 Qb1 37. Qc7+ Kf6 38. Rc2 Qa1 39. Qd6+ Kf5 40. Rc5+ 1-0

[Event "Titled Tuesday intern op 23rd Feb"]
[Site "Chess.com INT"]
[Date "2021.02.23"]
[Round "8"]
[White "Khairat, Ahmed"]
[Black "Simonovic, Miroslav"]
[Result "1-0"]
[WhiteElo "2211"]
[BlackElo "2119"]
[PlyCount "67"]
[EventDate "2021.02.23"]
[EventType "swiss (blitz)"]
[EventRounds "11"]
[EventCountry "USA"]
[SourceTitle "CBM 200 Extra"]
[Source "ChessBase"]
[SourceDate "2021.03.31"]
[SourceVersion "1"]
[SourceVersionDate "2021.03.31"]
[SourceQuality "1"]

1. e4 c5 2. Nf3 Nc6 3. d4 cxd4 4. Nxd4 e5 5. Nb5 d6 6. N1c3 a6 7. Na3 b5 8. Nd5 Nf6 9. Bg5 Be7 10. Nxe7 Qxe7 11. c4 b4 12. Nc2 h6 13. Bxf6 Qxf6 14. Nxb4 Qf4 15. Bd3 Bd7 16. Nd5 Qg5 17. Nc7+ Ke7 18. Nxa8 Qxg2 19. Kd2 Qxf2+ 20. Qe2 Qd4 21. Nc7 Qxb2+ 22. Ke3 Qb6+ 23. Kd2 Qxc7 24. Rab1 Nd4 25. Qg2 g6 26. Rhf1 Qa5+ 27. Ke3 f5 28. Qxg6 f4+ 29. Kf2 Qd2+ 30. Kg1 Rf8 31. Rb7 Qe3+ 32. Kg2 Rf7 33. Rxd7+ Kxd7 34. Qxf7+ 1-0

[Event "Wch Blitz"]
[Site "Riadh"]
[Date "2017.12.30"]
[Round "16"]
[White "Khairat, Ahmed"]
[Black "Al Saffar, Araz Basim Mohammed"]
[Result "1-0"]
[WhiteElo "2211"]
[BlackElo "2368"]
[PlyCount "107"]
[EventDate "2017.12.29"]
[EventType "swiss (blitz)"]
[EventRounds "21"]
[EventCountry "SAU"]
[SourceTitle "CBM 182 Extra"]
[Source "ChessBase"]
[SourceDate "2018.02.23"]
[SourceVersion "1"]
[SourceVersionDate "2018.02.23"]
[SourceQuality "1"]

1. e4 d6 2. d4 Nf6 3. Bd3 g6 4. f4 Bg7 5. Nf3 c5 6. c3 0-0 7. 0-0 Bg4 8. Be3 Nbd7 9. Nbd2 cxd4 10. cxd4 Rc8 11. h3 Bxf3 12. Qxf3 a6 13. a4 Qb6 14. e5 Ne8 15. Bc4 e6 16. d5 Qd8 17. dxe6 fxe6 18. Bxe6+ Kh8 19. Ne4 Nxe5 20. Qg3 Nd7 21. Ng5 Qe7 22. Rae1 Nef6 23. f5 Ne5 24. Bd4 Nh5 25. Qh4 Nf3+ 26. Rxf3 Bxd4+ 27. Qxd4+ Nf6 28. fxg6 h6 29. Qh4 Kg7 30. Nh7 Rce8 31. Nxf6 Rxf6 32. Rxf6 Qxf6 33. Qxf6+ Kxf6 34. g7 Kxg7 35. Re2 Kf6 36. Bc4 Rc8 37. b3 Rc5 38. Re6+ Kg5 39. Rxd6 b5 40. axb5 axb5 41. Rd5+ Rxd5 42. Bxd5 b4 43. Kf2 Kf4 44. g3+ Ke5 45. Bc4 Kd4 46. Kf3 Ke5 47. Kg4 Kf6 48. Kh5 Kg7 49. Bd3 Kh8 50. Kxh6 Kg8 51. g4 Kh8 52. g5 Kg8 53. g6 Kh8 54. g7+ 1-0

[Event "Wch Blitz"]
[Site "Riadh"]
[Date "2017.12.30"]
[Round "20"]
[White "Khairat, Ahmed"]
[Black "Ganguly, Surya Shekhar"]
[Result "0-1"]
[WhiteElo "2211"]
[BlackElo "2650"]
[PlyCount "82"]
[EventDate "2017.12.29"]
[EventType "swiss (blitz)"]
[EventRounds "21"]
[EventCountry "SAU"]
[SourceTitle "CBM 182 Extra"]
[Source "ChessBase"]
[SourceDate "2018.02.23"]
[SourceVersion "1"]
[SourceVersionDate "2018.02.23"]
[SourceQuality "1"]

1. e4 c5 2. Nf3 e6 3. d4 cxd4 4. Nxd4 Nc6 5. Nc3 Qc7 6. Bg5 a6 7. Nxc6 bxc6 8. Bd3 Rb8 9. Qd2 Rxb2 10. a3 Be7 11. Bf4 e5 12. Bg3 d6 13. 0-0 Nf6 14. f4 0-0 15. f5 d5 16. Kh1 d4 17. Ne2 c5 18. Qc1 Rb6 19. c3 Rc6 20. cxd4 cxd4 21. Qb2 Bd6 22. Rac1 Bd7 23. Bxa6 Nxe4 24. Bd3 Rb8 25. Rxc6 Qxc6 26. Qc1 Qxc1 27. Rxc1 Bxf5 28. Bxe4 Bxe4 29. Nxd4 f6 30. a4 Ba3 31. Re1 Bd5 32. Nb5 Be7 33. h3 Rc8 34. Rd1 Bb3 35. Rd7 Rc1+ 36. Kh2 Bc5 37. h4 Bg1+ 38. Kh1 Bxa4 39. Rd8+ Kf7 40. Nd6+ Ke7 41. Nb7 Bb6+ 0-1

[Event "Wch Blitz"]
[Site "Riadh"]
[Date "2017.12.30"]
[Round "19"]
[White "Khairat, Ahmed"]
[Black "Kokarev, Dmitry"]
[Result "1-0"]
[WhiteElo "2211"]
[BlackElo "2615"]
[PlyCount "103"]
[EventDate "2017.12.29"]
[EventType "swiss (blitz)"]
[EventRounds "21"]
[EventCountry "SAU"]
[SourceTitle "CBM 182 Extra"]
[Source "ChessBase"]
[SourceDate "2018.02.23"]
[SourceVersion "1"]
[SourceVersionDate "2018.02.23"]
[SourceQuality "1"]

1. e4 c5 2. Nf3 d6 3. d4 cxd4 4. Nxd4 Nf6 5. Nc3 a6 6. Bg5 e6 7. f4 Be7 8. Qf3 Nbd7 9. 0-0-0 h6 10. Bh4 Qc7 11. Bd3 g5 12. fxg5 Ne5 13. Qe2 Nfg4 14. h3 hxg5 15. Bg3 Nf6 16. Rhf1 Nfd7 17. Nf3 Ng6 18. Kb1 b6 19. Qe3 Qc5 20. Qd2 Bb7 21. Bf2 Qa5 22. Be3 g4 23. hxg4 Nge5 24. g5 b5 25. Bf4 b4 26. Ne2 Rg8 27. Ned4 Rc8 28. Nb3 Qa4 29. Nxe5 dxe5 30. Be3 Nf8 31. Qf2 Rg7 32. Qg3 Ba8 33. Qxe5 Rg8 34. Qf4 Rg7 35. Qe5 Rg8 36. Qg3 Qc6 37. e5 Qxg2 38. Qf4 Rg7 39. Rf2 Qc6 40. Qh4 Qc7 41. Bxa6 Rb8 42. Bd4 Rxg5 43. Qh8 Bd5 44. Be2 Kd7 45. Rxf7 Rg2 46. Bd3 Ng6 47. Qg7 Kc6 48. Bxg6 Re8 49. Qh7 Kb7 50. Be4 Bxe4 51. Qxe4+ Qc6 52. Na5+ 1-0

[Event "Wch Blitz"]
[Site "Riadh"]
[Date "2017.12.30"]
[Round "21"]
[White "Short, Nigel D"]
[Black "Khairat, Ahmed"]
[Result "1-0"]
[WhiteElo "2678"]
[BlackElo "2211"]
[PlyCount "68"]
[EventDate "2017.12.29"]
[EventType "swiss (blitz)"]
[EventRounds "21"]
[EventCountry "SAU"]
[SourceTitle "CBM 182 Extra"]
[Source "ChessBase"]
[SourceDate "2018.02.23"]
[SourceVersion "1"]
[SourceVersionDate "2018.02.23"]
[SourceQuality "1"]

1. e4 e5 2. Nf3 Nc6 3. Bc4 Nf6 4. Ng5 d5 5. exd5 Na5 6. Bb5+ c6 7. dxc6 bxc6 8. Qf3 Bb7 9. Bd3 Be7 10. Nc3 0-0 11. Qf5 g6 12. Qh3 Kg7 13. Be2 h6 14. Nge4 Nd5 15. d3 g5 16. Ng3 Bc8 17. Bg4 Nf4 18. Bxf4 exf4 19. Bxc8 fxg3 20. hxg3 Rh8 21. Bf5 Rb8 22. Nd1 Bf6 23. c3 Qe7+ 24. Be4 Rxb2 25. Nxb2 Bxc3+ 26. Kf1 Bxb2 27. Rb1 Bd4 28. Qf5 c5 29. g4 Qc7 30. g3 Qd6 31. Kg2 Qe7 32. Rb5 Qc7 33. Bd5 Re8 34. Rxa5 Re2 1-0

[Event "Wch Blitz"]
[Site "Riadh"]
[Date "2017.12.29"]
[Round "1"]
[White "Anton Guijarro, David"]
[Black "Khairat, Ahmed"]
[Result "1-0"]
[WhiteElo "2666"]
[BlackElo "2211"]
[PlyCount "75"]
[EventDate "2017.12.29"]
[EventType "swiss (blitz)"]
[EventRounds "21"]
[EventCountry "SAU"]
[SourceTitle "CBM 182 Extra"]
[Source "ChessBase"]
[SourceDate "2018.02.23"]
[SourceVersion "1"]
[SourceVersionDate "2018.02.23"]
[SourceQuality "1"]

1. Nf3 d5 2. b3 c5 3. e3 Nc6 4. Bb5 Nf6 5. Bb2 g6 6. Bxc6+ bxc6 7. 0-0 Bg7 8. d3 0-0 9. Nc3 Ba6 10. Na4 Nd7 11. Bxg7 Kxg7 12. c4 e5 13. Re1 Qe7 14. Qd2 Nb6 15. Qa5 Nxa4 16. Qxa4 Bb7 17. Qa5 Rfd8 18. Rac1 a6 19. cxd5 Rxd5 20. Qc3 f6 21. e4 Rd7 22. Red1 Rad8 23. Ne1 Rd4 24. f3 a5 25. Qxc5 Qc7 26. Rc3 a4 27. Nc2 R4d6 28. bxa4 Ba6 29. Nb4 Bb7 30. a5 Qb8 31. a6 Bc8 32. Nxc6 Rxc6 33. Qxc6 Qa7+ 34. Qc5 Qd7 35. a7 Bb7 36. Qc7 Kf7 37. Rb1 Ke7 38. Rxb7 1-0